000 00662nam a2200169 a 4500
008 130516s2011 ||||||||||||||||| || u
020 _a9781444120639
050 _aRA 1151.F36 Pra
100 _aClark, Tom
245 1 0 _aPractical Forensic psychiatry.
_cEdited by Tom Clark and Dharjinder Singh Rooprai.
260 _aLondon:
_bHodder and Stoughton
_c2011
300 _ax, 294p.:
500 _aSOM
650 _aFORENSIC PSYCHIATRY
700 _aRooprai, Dharjinder Singh
995 _aMICHAEL CHILUFYA SATA OPEN ACCESS
_e902000
_FCBU-SCHOOL OF MEDICINE LIBRARY (Ndola)
_jRA 1151.F36 Pra
_M1
_UAVAILABLE
_WMay 17, 2013
_y902000
_ZMedical Library Open Access Collection
999 _c32431
_d32431